书目信息 |
| 题名: |
组合最优化
|
|
| 作者: | 科泰 著 ;越民义 译 | |
| 分册: | ||
| 出版信息: | 北京 科学出版社 2014.01 |
|
| 页数: | 541页 | |
| 开本: | 24cm | |
| 丛书名: | 现代数学译丛;23 | |
| 单 册: | ||
| 中图分类: | O122.4 | |
| 科图分类: | ||
| 主题词: | 组合--最佳化 | |
| 电子资源: | ||
| ISBN: | 978-7-03-039342-5 | |
| 000 | 01064nam0 2200289 450 | |
| 001 | 1824 | |
| 001 | 01CN09377865@CSLN | |
| 005 | 20161201141154.18 | |
| 010 | @a978-7-03-039342-5@dCNY148.00 | |
| 100 | @a20140123d2014 em y0chiy50 ea | |
| 101 | 1 | @achi@cger |
| 102 | @aCN@b110000 | |
| 105 | @aa z 000yy | |
| 200 | 1 | @a组合最优化@9zu he zui you hua@e理论与算法@f(德)科泰(Korte,B.)等著@g越民义等译 |
| 210 | @a北京@c科学出版社@d2014.01 | |
| 215 | @a541页@c图@d24cm | |
| 225 | 2 | @a现代数学译丛;23@9xian dai shu xue yi cong ;23 |
| 330 | @a本书大致分为两部分。第一部分侧重基础,介绍了线性规划的理论和算法,整数规划、各种树、最短路与网络流等;第二部分侧重组合优化中的一些重要分支,如网络流、匹配、网络设计、旅行者问题、多种物资流等 | |
| 333 | @a组合优化领域的研究生 | |
| 461 | 0 | @12001 @a现代数学译丛;23 |
| 517 | 1 | @a理论与算法@9li lun yu suan fa |
| 606 | 0 | @a组合@x最佳化 |
| 690 | @aO122.4@v4 | |
| 701 | 0 | @a科泰@9ke tai@4著 |
| 702 | 0 | @a越民义@9yue min yi@4译 |
| 801 | 0 | @aCN@b大连网信软件有限公司图书馆·11@c20161201 |
| 905 | @aZUCC@dO122.4@e40 | |
| 组合最优化:理论与算法/(德)科泰(Korte,B.)等著/越民义等译.-北京:科学出版社,2014.01 |
| 541页:图;24cm.-(现代数学译丛;23) |
| 使用对象:组合优化领域的研究生 |
| ISBN 978-7-03-039342-5:CNY148.00 |
| 本书大致分为两部分。第一部分侧重基础,介绍了线性规划的理论和算法,整数规划、各种树、最短路与网络流等;第二部分侧重组合优化中的一些重要分支,如网络流、匹配、网络设计、旅行者问题、多种物资流等 |
| ● |
| 相关链接 |
|
|
|
|
正题名:组合最优化
索取号:O122.4/40
 
预约/预借
| 序号 | 登录号 | 条形码 | 馆藏地/架位号 | 状态 | 备注 |
| 1 | 909987 | 209099875 | 第二样本阅览室/ [索取号:O122.4/40] | 在馆 | |
| 2 | 909988 | 209099884 | 第三借阅区/ [索取号:O122.4/40] | 在馆 | |
| 3 | 909989 | 209099893 | 第三借阅区/ [索取号:O122.4/40] | 在馆 | |
| 4 | 909990 | 209099900 | 数信系资料室/ [索取号:O122.4/40] | 在馆 |